000 00532nam a2200205Ia 4500
005 20250923145428.0
008 008 250917s9999 xx 000 0 eng d
037 _aTextual
040 _aDSWL
_beng
_cDSWL
041 _aeng
_2eng
084 _qDSWL
100 _aGopalan, A.K.
_9835218
245 0 _aIn the cause of the people : Reminise
_c by A.K.Gopalan
260 _aNew Delhi
_b Orient Longman
_c1973
300 _a299 p.
365 _aINR
_b40
925 _g40
942 _cTEXL
999 _c1451251
_d1451251